000 00774nam a2200241Ia 4500
003 OSt
005 20220925213555.0
006 a|||||r|||| 00| 0
007 ta
008 220923b |||||||| |||| 00| 0 eng d
037 _cGeneral Book
040 _aRTL
_cRTL
_beng
041 _2eng
_aeng
082 _aX:89Q1:(B).3.N7, L1
100 _aSurrey M J C
_9278646
245 0 _aAnalysis and forecasting of the British economy
260 _aLondon
_bCambridge University Press UK
_c1971
300 _axii, 107p. Appendix p96-104
_ccm.
490 _aNational Institute of Economic and social research occassional papers.25
650 _aProduction Control
942 _hX:89Q1:(B).3.N7, L1
_cGB
_2CC
999 _c563222
_d563222